[Event "Madrid City-ch Seniors 50"]
[Site "Madrid"]
[Date "2021.04.07"]
[Round "2"]
[White "Martinez Martinez, Javier II"]
[Black "Suarez Mencia, Roberto"]
[Result "1-0"]
[WhiteElo "1585"]
[BlackElo "1364"]
[PlyCount "77"]
[EventDate "2021.04.06"]
[EventType "swiss"]
[EventRounds "9"]
[EventCountry "ESP"]
[SourceTitle "EXT 2022"]
[Source "ChessBase"]
[SourceDate "2021.10.06"]
[SourceVersion "1"]
[SourceVersionDate "2021.10.06"]
[SourceQuality "1"]

1. d4 Nf6 2. Nf3 g6 3. c4 Bg7 4. Nc3 d6 5. g3 Nbd7 6. Bg2 c6 7. 0-0 0-0 8. e4 e5 9. d5 cxd5 10. cxd5 a6 11. b3 Re8 12. Bb2 Nc5 13. Qe2 Qa5 14. Nd2 b5 15. a3 Qc7 16. Rac1 Qe7 17. Na2 Bg4 18. f3 Bc8 19. Nb4 Bd7 20. Nc6 Bxc6 21. dxc6 Qc7 22. b4 Ne6 23. Nb3 Bh6 24. Rc2 Qb6+ 25. Kh1 Rac8 26. Na5 Be3 27. f4 Bd4 28. fxe5 Bxb2 29. Rxb2 Nd4 30. Qf2 Ng4 31. Qxf7+ Kh8 32. exd6 Red8 33. d7 Ra8 34. Nb7 Nxc6 35. Nxd8 Rxd8 36. h3 Qd4 37. hxg4 Qxb2 38. e5 Nxe5 39. Qf6+ 1-0

[Event "Madrid City-ch Seniors 50"]
[Site "Madrid"]
[Date "2021.04.06"]
[Round "1"]
[White "Suarez Mencia, Roberto"]
[Black "Fernandez Garcia, Ignacio"]
[Result "0-1"]
[WhiteElo "1364"]
[BlackElo "1801"]
[PlyCount "44"]
[EventDate "2021.04.06"]
[EventType "swiss"]
[EventRounds "9"]
[EventCountry "ESP"]
[SourceTitle "EXT 2022"]
[Source "ChessBase"]
[SourceDate "2021.10.06"]
[SourceVersion "1"]
[SourceVersionDate "2021.10.06"]
[SourceQuality "1"]

1. c4 e5 2. g3 f5 3. Bg2 Nf6 4. e3 c6 5. Ne2 Be7 6. Nbc3 Na6 7. a3 0-0 8. 0-0 Nc7 9. d4 e4 10. Nf4 d5 11. c5 Qe8 12. b4 g5 13. Nh3 Ne6 14. f4 Qg6 15. fxg5 Nxg5 16. Nxg5 Qxg5 17. h4 Qxg3 18. Ne2 Qxh4 19. Rf4 Ng4 20. Bd2 Bg5 21. Be1 Qh2+ 22. Kf1 Nxe3+ 0-1

[Event "Madrid-ch Previa-A"]
[Site "Madrid"]
[Date "2020.02.12"]
[Round "6"]
[White "Enriquez Pastor, Jorge"]
[Black "Suarez Mencia, Roberto"]
[Result "0-1"]
[WhiteElo "1513"]
[BlackElo "1387"]
[PlyCount "120"]
[EventDate "2020.02.03"]
[EventType "swiss"]
[EventRounds "9"]
[EventCountry "ESP"]
[SourceTitle "EXT 2021"]
[Source "ChessBase"]
[SourceDate "2020.10.23"]
[SourceVersion "1"]
[SourceVersionDate "2020.10.23"]
[SourceQuality "1"]

1. e4 c5 2. c4 Nc6 3. Ne2 Nf6 4. Nbc3 e5 5. d3 Be7 6. Nd5 d6 7. Nec3 Nd4 8. Be2 a6 9. 0-0 0-0 10. Nxf6+ Bxf6 11. Nd5 b5 12. b3 b4 13. Bb2 Ne6 14. Bg4 Ng5 15. Bxc8 Rxc8 16. f4 Ne6 17. fxe5 Bxe5 18. Bxe5 dxe5 19. Qh5 Rb8 20. Qxe5 Kh8 21. Qh5 f6 22. Qh3 Nd4 23. Rad1 a5 24. Nf4 Qe8 25. Nd5 Qe5 26. Nf4 Qe8 27. Rd2 Ra8 28. Qh5 Qxh5 29. Nxh5 a4 30. Rb2 axb3 31. axb3 Ra3 32. Rfb1 Ne6 33. Kf2 g6 34. Ng3 Rd8 35. Ke3 Kg7 36. Ne2 g5 37. g3 Kg6 38. Nc1 Rda8 39. Rf2 Ra1 40. Rfb2 Nd4 41. Ne2 Rxb1 42. Rxb1 Nc2+ 43. Kf3 Ra2 44. Nc1 Nd4+ 45. Ke3 Rxh2 46. Ra1 Nc2+ 47. Kf3 Nxa1 48. d4 cxd4 49. c5 Rc2 50. Nd3 Nxb3 51. e5 Nxc5 52. Nxb4 Rc3+ 53. Kg4 fxe5 54. Nd5 h5+ 55. Kh3 Rc2 56. Ne7+ Kf7 57. Nf5 d3 58. Nd6+ Ke6 59. Ne4 g4+ 60. Kh4 Rh2+ 0-1

[Event "Madrid-ch Previa-A"]
[Site "Madrid"]
[Date "2020.02.03"]
[Round "1"]
[White "Fernandez Rios, Jose Francisco"]
[Black "Suarez Mencia, Roberto"]
[Result "1-0"]
[WhiteElo "1794"]
[BlackElo "1387"]
[PlyCount "59"]
[EventDate "2020.02.03"]
[EventType "swiss"]
[EventRounds "9"]
[EventCountry "ESP"]
[SourceTitle "EXT 2021"]
[Source "ChessBase"]
[SourceDate "2020.10.23"]
[SourceVersion "1"]
[SourceVersionDate "2020.10.23"]
[SourceQuality "1"]

1. d4 Nf6 2. c4 g6 3. Nc3 Bg7 4. e4 d6 5. Nf3 Nbd7 6. Be2 0-0 7. Be3 b6 8. b3 e5 9. d5 Re8 10. Nd2 Nf8 11. b4 h6 12. 0-0 N8h7 13. c5 bxc5 14. bxc5 dxc5 15. Bxc5 a6 16. Nc4 Bb7 17. Na5 Qc8 18. Rb1 Ng5 19. Rxb7 Ngxe4 20. Nxe4 Nxe4 21. Be3 Nc3 22. Qd2 e4 23. Rc1 Nxe2+ 24. Qxe2 Qf5 25. Qc4 Be5 26. Nc6 Bd6 27. Rcb1 Rac8 28. Bc5 Qf4 29. Bxd6 cxd6 30. Ne7+ 1-0

[Event "Madrid-ch Seniors 50"]
[Site "Madrid"]
[Date "2020.01.14"]
[Round "2"]
[White "Suarez Mencia, Roberto"]
[Black "Martinez Pintor, Juan"]
[Result "0-1"]
[WhiteElo "1387"]
[BlackElo "1577"]
[PlyCount "56"]
[EventDate "2020.01.13"]
[EventType "swiss"]
[EventRounds "9"]
[EventCountry "ESP"]
[SourceTitle "CBM 194 Extra"]
[Source "ChessBase"]
[SourceDate "2020.03.31"]
[SourceVersion "1"]
[SourceVersionDate "2020.03.31"]
[SourceQuality "1"]

1. c4 c6 2. g3 Nf6 3. Bg2 e6 4. e3 d5 5. cxd5 exd5 6. Ne2 Bd6 7. Nbc3 0-0 8. d4 Bf5 9. 0-0 Nbd7 10. f3 Qe7 11. e4 dxe4 12. Bg5 exf3 13. Rxf3 Bg6 14. d5 h6 15. Bxf6 Nxf6 16. dxc6 bxc6 17. Rf1 Rac8 18. Kh1 Ng4 19. Qa4 Ne3 20. Rfe1 Nc2 21. Red1 Nxa1 22. Rxa1 Qc7 23. Nd4 Be5 24. Nxc6 Bxc3 25. bxc3 Rfe8 26. Rc1 Qb6 27. Nxa7 Qf2 28. h3 Re2 0-1

[Event "Madrid-ch Previa-A"]
[Site "Madrid"]
[Date "2019.02.19"]
[Round "8"]
[White "Ramos Antona, Enrique"]
[Black "Suarez Mencia, Roberto"]
[Result "0-1"]
[WhiteElo "1521"]
[BlackElo "1388"]
[PlyCount "130"]
[EventDate "2019.02.04"]
[EventType "swiss"]
[EventRounds "9"]
[EventCountry "ESP"]
[SourceTitle "EXT 2021"]
[Source "ChessBase"]
[SourceDate "2020.10.23"]
[SourceVersion "1"]
[SourceVersionDate "2020.10.23"]
[SourceQuality "1"]

1. d4 Nf6 2. c4 g6 3. Nc3 Bg7 4. g3 d6 5. Bg2 0-0 6. Qc2 e5 7. d5 Nbd7 8. e4 Rb8 9. Nge2 Nc5 10. 0-0 Bg4 11. b4 Na6 12. Rb1 Qd7 13. Re1 Bh3 14. Bh1 Nh5 15. f4 f5 16. Be3 Bh6 17. Bxa7 Rbe8 18. Bf2 Qf7 19. Bg2 Bxg2 20. Kxg2 exf4 21. Nxf4 Bxf4 22. gxf4 Nxf4+ 23. Kh1 fxe4 24. Be3 Nh3 25. Rf1 Qd7 26. a3 Rf3 27. Nxe4 Qf5 28. Qg2 Rxf1+ 29. Rxf1 Qxe4 30. Qxe4 Rxe4 31. Bh6 Re8 32. Kg2 Nb8 33. Kxh3 Nd7 34. Kg3 Ne5 35. Re1 Re7 36. Bf4 Kf7 37. Bxe5 dxe5 38. Kf3 g5 39. Ke4 Kg6 40. Rf1 h6 41. Rf5 g4 42. c5 h5 43. d6 cxd6 44. cxd6 Re6 45. Rf8 Rxd6 46. Rf2 Ra6 47. Kxe5 Rxa3 48. Rb2 Kg5 49. b5 h4 50. b6 h3 51. Kd6 Rc3 52. Ke5 g3 53. hxg3 Rxg3 54. Rf2 Rg2 55. Rf5+ Kg4 56. Rf4+ Kg3 57. Rf7 h2 58. Rg7+ Kf2 59. Rh7 Kg1 60. Kd6 Rc2 61. Rg7+ Kf1 62. Rh7 Kg1 63. Rg7+ Rg2 64. Rh7 h1Q 65. Rxh1+ Kxh1 0-1

[Event "Madrid-ch Seniors 50"]
[Site "Madrid"]
[Date "2019.01.14"]
[Round "6"]
[White "Martin Rodriguez, Jose Luis"]
[Black "Suarez Mencia, Roberto"]
[Result "1/2-1/2"]
[WhiteElo "1285"]
[BlackElo "1392"]
[PlyCount "56"]
[EventDate "2019.01.07"]
[EventType "swiss"]
[EventRounds "9"]
[EventCountry "ESP"]
[SourceTitle "CBM 188 Extra"]
[Source "ChessBase"]
[SourceDate "2019.02.26"]
[SourceVersion "1"]
[SourceVersionDate "2019.02.26"]
[SourceQuality "1"]

1. c4 Nf6 2. Nc3 g6 3. e4 d6 4. d4 Nbd7 5. Be3 Bg7 6. Be2 0-0 7. Qd2 e5 8. dxe5 Nxe5 9. h3 c5 10. Rd1 Ne8 11. Bxc5 Be6 12. Bxd6 Nxd6 13. Qxd6 Nxc4 14. Bxc4 Bxc4 15. Nge2 Bxe2 16. Kxe2 Qa5 17. Qd5 Bxc3 18. Qxa5 Bxa5 19. Rd7 b5 20. Rhd1 Rfe8 21. f3 f5 22. Rb7 a6 23. Rdd7 Bb4 24. Rg7+ Kh8 25. Rxh7+ Kg8 26. Rhg7+ Kh8 27. Rh7+ Kg8 28. Rhg7+ Kh8 1/2-1/2

[Event "Madrid-ch Seniors 50"]
[Site "Madrid"]
[Date "2019.01.11"]
[Round "5"]
[White "Garcia Lafuente, Luis"]
[Black "Suarez Mencia, Roberto"]
[Result "0-1"]
[WhiteElo "1556"]
[BlackElo "1392"]
[PlyCount "72"]
[EventDate "2019.01.07"]
[EventType "swiss"]
[EventRounds "9"]
[EventCountry "ESP"]
[SourceTitle "CBM 188 Extra"]
[Source "ChessBase"]
[SourceDate "2019.02.26"]
[SourceVersion "1"]
[SourceVersionDate "2019.02.26"]
[SourceQuality "1"]

1. d4 Nf6 2. Nf3 g6 3. Bf4 d6 4. Nbd2 Bg7 5. e3 Nbd7 6. h3 c5 7. c3 cxd4 8. exd4 Nb6 9. Be2 Nbd5 10. Bh2 Nh5 11. Bc4 Ndf4 12. 0-0 0-0 13. Ng5 d5 14. Bb3 Bf5 15. g4 e6 16. Bxf4 Nxf4 17. h4 h6 18. gxf5 hxg5 19. Qf3 Nh5 20. Kh1 gxh4 21. Rg1 exf5 22. Bxd5 Nf6 23. Rxg6 Qxd5 24. Qxd5 Nxd5 25. Rg5 Nf4 26. Rag1 Ng6 27. Rxf5 Rae8 28. Nc4 Re6 29. d5 Rf6 30. Rxf6 Bxf6 31. Nd6 Rd8 32. Ne4 Bg7 33. d6 Be5 34. Nc5 Rxd6 35. Nxb7 Rd2 36. Rg2 h3 0-1

[Event "Madrid-ch Seniors 50"]
[Site "Madrid"]
[Date "2019.01.07"]
[Round "1"]
[White "Roldan Garcia, Angel"]
[Black "Suarez Mencia, Roberto"]
[Result "1-0"]
[WhiteElo "1812"]
[BlackElo "1392"]
[PlyCount "43"]
[EventDate "2019.01.07"]
[EventType "swiss"]
[EventRounds "9"]
[EventCountry "ESP"]
[SourceTitle "CBM 188 Extra"]
[Source "ChessBase"]
[SourceDate "2019.02.26"]
[SourceVersion "1"]
[SourceVersionDate "2019.02.26"]
[SourceQuality "1"]

1. e4 c5 2. c3 Nc6 3. d4 cxd4 4. cxd4 a6 5. Nf3 d6 6. Nc3 e6 7. Bd3 Be7 8. 0-0 Nf6 9. Re1 0-0 10. a3 Qc7 11. Qc2 e5 12. Nd5 Nxd5 13. exd5 Bg4 14. dxc6 Bxf3 15. gxf3 g6 16. cxb7 Qxc2 17. Bxc2 Rab8 18. Be4 Kg7 19. dxe5 dxe5 20. Be3 f5 21. Bc6 f4 22. Ba7 1-0

[Event "Madrid-ch Previa-A"]
[Site "Madrid"]
[Date "2017.02.15"]
[Round "6"]
[White "Suarez Mencia, Roberto"]
[Black "Enriquez Pastor, Jorge"]
[Result "0-1"]
[WhiteElo "1454"]
[BlackElo "1438"]
[PlyCount "120"]
[EventDate "2017.02.06"]
[EventType "swiss"]
[EventRounds "9"]
[EventCountry "ESP"]
[SourceTitle "CBM 177 Extra"]
[Source "ChessBase"]
[SourceDate "2017.04.27"]
[SourceVersion "1"]
[SourceVersionDate "2017.04.27"]
[SourceQuality "1"]

1. c4 e5 2. g3 Nc6 3. Bg2 Nf6 4. e3 d6 5. Ne2 Be6 6. b3 d5 7. cxd5 Bxd5 8. f3 Nb4 9. d4 exd4 10. exd4 Bc6 11. Nbc3 Nbd5 12. 0-0 Bb4 13. Bb2 Ne3 14. Qd2 Nxf1 15. Rxf1 0-0 16. a3 Bxc3 17. Bxc3 Re8 18. a4 Nd5 19. Nf4 Nxc3 20. Qxc3 Qf6 21. Nh5 Qg6 22. Nf4 Qg5 23. Rd1 Rad8 24. Qc4 Bd5 25. h4 Bxc4 26. hxg5 Bxb3 27. Rc1 c6 28. Rb1 Bxa4 29. Rxb7 Rxd4 30. Rxa7 Bb5 31. Kh2 g6 32. Bh3 Rd2+ 33. Ng2 Bf1 34. Ra1 Bxg2 35. Bxg2 Ree2 36. Rg1 Kf8 37. g4 Ke7 38. Kg3 Rb2 39. f4 Re3+ 40. Bf3 Rbb3 41. Rf1 c5 42. f5 gxf5 43. gxf5 Kf8 44. Kf4 Kg7 45. Bd5 Ra3 46. f6+ Kf8 47. Rb1 Re8 48. Bc6 Rc8 49. Rb7 Rd3 50. Ke4 Rcd8 51. Kf5 R3d6 52. Be4 R6d7 53. Rb6 Rc7 54. Bd5 Rxd5+ 55. Kg4 Rd8 56. Kh5 Kg8 57. Rb1 c4 58. Rg1 c3 59. Kh6 c2 60. Rh1 c1Q 0-1

[Event "Madrid-ch Previa-A"]
[Site "Madrid"]
[Date "2017.02.06"]
[Round "1"]
[White "Saber, Salah"]
[Black "Suarez Mencia, Roberto"]
[Result "1-0"]
[WhiteElo "1783"]
[BlackElo "1454"]
[PlyCount "61"]
[EventDate "2017.02.06"]
[EventType "swiss"]
[EventRounds "9"]
[EventCountry "ESP"]
[SourceTitle "CBM 177 Extra"]
[Source "ChessBase"]
[SourceDate "2017.04.27"]
[SourceVersion "1"]
[SourceVersionDate "2017.04.27"]
[SourceQuality "1"]

1. d4 Nf6 2. c4 g6 3. Nc3 Bg7 4. e4 d6 5. f4 e5 6. dxe5 dxe5 7. Qxd8+ Kxd8 8. fxe5 Ng4 9. Bg5+ Ke8 10. Rd1 f6 11. exf6 Bxf6 12. Bxf6 Nxf6 13. e5 Ng4 14. Nd5 Kf7 15. Nf3 h6 16. Nxc7 Ne3 17. Rd6 Ke7 18. Nxa8 Nc6 19. Rd2 Be6 20. Nc7 Bxc4 21. Bxc4 Nxc4 22. Re2 Rc8 23. Nd5+ Ke6 24. Nf4+ Kf5 25. Nd5 Ke6 26. Nf4+ Kf5 27. Nd3 b6 28. 0-0 Ke6 29. b3 Na3 30. Nh4 Rd8 31. Rf6+ 1-0

[Event "Madrid-ch Seniors 50"]
[Site "Madrid"]
[Date "2017.01.13"]
[Round "5"]
[White "Sierra Garcia, Ricardo"]
[Black "Suarez Mencia, Roberto"]
[Result "0-1"]
[WhiteElo "1454"]
[BlackElo "1433"]
[PlyCount "74"]
[EventDate "2017.01.09"]
[EventType "swiss"]
[EventRounds "9"]
[EventCountry "ESP"]
[SourceTitle "CBM 176 Extra"]
[Source "ChessBase"]
[SourceDate "2017.03.02"]
[SourceVersion "1"]
[SourceVersionDate "2017.03.02"]
[SourceQuality "1"]

1. e4 c5 2. Nf3 Nc6 3. d4 cxd4 4. Nxd4 Nf6 5. Nc3 e5 6. Nb3 Bb4 7. Bd3 Bxc3+ 8. bxc3 d5 9. Bg5 dxe4 10. Bxf6 Qxf6 11. Bxe4 Ne7 12. 0-0 0-0 13. Nc5 Rb8 14. Qf3 Qxf3 15. Bxf3 b6 16. Rab1 Rd8 17. Nd3 Bf5 18. Nb4 Rd2 19. Rb2 Rc8 20. Rd1 Rxd1+ 21. Bxd1 g6 22. g4 Be6 23. Nd3 e4 24. Nf4 Bd7 25. h3 Rxc3 26. Rb3 Rxb3 27. cxb3 Nc6 28. Nd5 Kg7 29. Bc2 f5 30. Kh2 Nd4 31. Bd1 fxg4 32. hxg4 Nb5 33. Kg3 Be6 34. Nf4 Bf7 35. Ne2 Kf6 36. Kf4 Bd5 37. Nc3 Nxc3 0-1

[Event "Madrid-ch sf"]
[Site "Madrid"]
[Date "2016.02.23"]
[Round "8"]
[White "Suarez Mencia, Roberto"]
[Black "Martin Rodriguez, Jose Luis"]
[Result "0-1"]
[WhiteElo "1448"]
[BlackElo "1354"]
[PlyCount "130"]
[EventDate "2016.02.08"]
[EventType "swiss"]
[EventRounds "9"]
[EventCountry "ESP"]
[SourceTitle "CBM 171 Extra"]
[Source "ChessBase"]
[SourceDate "2016.04.26"]
[SourceVersion "1"]
[SourceVersionDate "2016.04.26"]
[SourceQuality "1"]

1. c4 Nf6 2. g3 e5 3. Bg2 d5 4. cxd5 Nxd5 5. e3 Nc6 6. Ne2 Be6 7. 0-0 Qd7 8. Nbc3 Be7 9. d4 Nxc3 10. bxc3 Bd5 11. e4 Bc4 12. Re1 Bf6 13. d5 Ne7 14. Ba3 g5 15. Nc1 h5 16. Rb1 b6 17. d6 cxd6 18. Bxd6 Rd8 19. Rb4 b5 20. a4 a6 21. axb5 axb5 22. Nb3 Qxd6 23. Qxd6 Rxd6 24. Na5 0-0 25. Nxc4 bxc4 26. Bf1 Rfd8 27. Rbb1 Ng6 28. Bxc4 Nf8 29. Be2 h4 30. Bh5 Ne6 31. Rb7 R6d7 32. Rbb1 Be7 33. Bg4 Rd2 34. Be2 Bc5 35. Kf1 Rc2 36. Rbc1 Rxc1 37. Rxc1 Kf8 38. Rb1 Ke7 39. Rb7+ Rd7 40. Rb8 Kf6 41. Rc8 Rc7 42. Rb8 Be7 43. Rb3 Nc5 44. Rb6+ Kg7 45. gxh4 gxh4 46. f3 Ne6 47. Rb5 Rxc3 48. Rxe5 Kg6 49. Rf5 Nd4 50. Re5 Nxe2 51. Kxe2 Bd6 52. Rb5 Bxh2 53. Rf5 Kg7 54. Rg5+ Kf6 55. Rf5+ Ke6 56. Rh5 Bg3 57. Ra5 Rc8 58. Ra1 Rh8 59. Kd3 h3 60. Ke3 h2 61. Rh1 Ke5 62. Ke2 Kf4 63. e5 Kxe5 64. Kf1 Kf4 65. Ke2 Re8+ 0-1

[Event "Madrid-ch sf"]
[Site "Madrid"]
[Date "2016.02.09"]
[Round "2"]
[White "Suarez Mencia, Roberto"]
[Black "Diaz Begonte, Manuel"]
[Result "0-1"]
[WhiteElo "1448"]
[BlackElo "1656"]
[PlyCount "44"]
[EventDate "2016.02.08"]
[EventType "swiss"]
[EventRounds "9"]
[EventCountry "ESP"]
[SourceTitle "CBM 171 Extra"]
[Source "ChessBase"]
[SourceDate "2016.04.26"]
[SourceVersion "1"]
[SourceVersionDate "2016.04.26"]
[SourceQuality "1"]

1. c4 c6 2. g3 d5 3. cxd5 Qxd5 4. Nf3 e5 5. Nc3 Qa5 6. e4 Nf6 7. Bg2 Bg4 8. Qb3 Qc7 9. Nh4 Nbd7 10. f3 Be6 11. Qc2 Bc5 12. Na4 Bd4 13. Nc3 Qb6 14. d3 0-0 15. Nd1 Rfd8 16. f4 Nc5 17. Nf3 Nxd3+ 18. Kf1 Nxc1 19. Rxc1 Bxa2 20. fxe5 Ng4 21. Nxd4 Rxd4 22. Qe2 Rxd1+ 0-1

[Event "Madrid-ch Seniors"]
[Site "Madrid"]
[Date "2016.01.20"]
[Round "8"]
[White "Suarez Mencia, Roberto"]
[Black "Rodriguez Bachiller, Luis"]
[Result "0-1"]
[WhiteElo "1454"]
[BlackElo "1660"]
[PlyCount "60"]
[EventDate "2016.01.11"]
[EventType "swiss"]
[EventRounds "9"]
[EventCountry "ESP"]
[SourceTitle "EXT 2017"]
[Source "ChessBase"]
[SourceDate "2016.10.25"]
[SourceVersion "1"]
[SourceVersionDate "2016.10.25"]
[SourceQuality "1"]

1. c4 c6 2. g3 d5 3. cxd5 cxd5 4. Bg2 Nf6 5. e3 e5 6. Ne2 Nc6 7. d4 Bb4+ 8. Bd2 Bxd2+ 9. Nxd2 e4 10. a3 0-0 11. 0-0 Re8 12. Rc1 Bg4 13. Qe1 Rc8 14. Nf4 Qd7 15. f3 exf3 16. Nxf3 Qe7 17. h3 Bf5 18. Ne5 Nxe5 19. Rxc8 Rxc8 20. Nxd5 Nxd5 21. Rxf5 Nd3 22. Qa5 Nxe3 23. Rb5 b6 24. Qd2 Rc2 25. Qxd3 Rxg2+ 26. Kh1 Rxg3 27. Re5 Qd7 28. Qd2 Rxh3+ 29. Qh2 Rxh2+ 30. Kxh2 Ng4+ 0-1

[Event "Madrid-ch Seniors"]
[Site "Madrid"]
[Date "2016.01.18"]
[Round "6"]
[White "Suarez Mencia, Roberto"]
[Black "Perez Ramos, Miguel Angel"]
[Result "1-0"]
[WhiteElo "1454"]
[BlackElo "1259"]
[PlyCount "61"]
[EventDate "2016.01.11"]
[EventType "swiss"]
[EventRounds "9"]
[EventCountry "ESP"]
[SourceTitle "EXT 2017"]
[Source "ChessBase"]
[SourceDate "2016.10.25"]
[SourceVersion "1"]
[SourceVersionDate "2016.10.25"]
[SourceQuality "1"]

1. c4 e6 2. g3 c6 3. Bg2 d5 4. cxd5 Nf6 5. e3 exd5 6. Nc3 Bd6 7. Nge2 0-0 8. 0-0 Re8 9. d4 Bf5 10. f3 Bd7 11. e4 Bc7 12. e5 Bxe5 13. dxe5 Rxe5 14. Kh1 Re8 15. Bg5 Be6 16. Nd4 h6 17. Nxe6 Rxe6 18. Bf4 Na6 19. Bh3 Re8 20. a3 Nc5 21. b4 Ne6 22. Bxe6 Rxe6 23. Ne2 Qd7 24. Nd4 Re7 25. g4 g5 26. Nf5 gxf4 27. Nxh6+ Kf8 28. Qd4 Re6 29. g5 Qe7 30. Rg1 Ne4 31. Qh8# 1-0

[Event "Madrid-ch Previa-A"]
[Site "Madrid"]
[Date "2013.02.13"]
[Round "6"]
[White "Apaza, Gabriela Erica"]
[Black "Suarez Mencia, Roberto"]
[Result "0-1"]
[WhiteElo "1196"]
[BlackElo "1555"]
[PlyCount "74"]
[EventDate "2013.02.04"]
[EventType "swiss"]
[EventRounds "9"]
[EventCountry "ESP"]
[SourceTitle "EXT 2015"]
[Source "ChessBase"]
[SourceDate "2014.11.20"]
[SourceVersion "1"]
[SourceVersionDate "2014.11.20"]
[SourceQuality "1"]

1. d4 Nf6 2. Nf3 g6 3. e3 Bg7 4. Bd3 d6 5. Nbd2 Nbd7 6. 0-0 0-0 7. e4 e5 8. d5 Re8 9. Re1 c6 10. c4 Qb6 11. Qb3 Qxb3 12. Nxb3 a5 13. a4 c5 14. Bd2 b6 15. Nc1 Nf8 16. Ne2 Nh5 17. Ng3 Nxg3 18. hxg3 h6 19. Nh4 Nh7 20. f4 Bd7 21. f5 gxf5 22. Nxf5 Bxf5 23. exf5 e4 24. Rxe4 Rxe4 25. Bxe4 Re8 26. Bd3 Nf6 27. Re1 Rxe1+ 28. Bxe1 Ng4 29. Bf2 Bxb2 30. Kf1 Kg7 31. Ke2 Kf6 32. Kf3 Ne5+ 33. Ke3 Bd4+ 34. Ke2 Bxf2 35. Kxf2 Nxd3+ 36. Ke3 Nb2 37. Kd2 Kxf5 0-1

[Event "Madrid-ch Previa-A"]
[Site "Madrid"]
[Date "2013.02.05"]
[Round "2"]
[White "Martinez Miura, Enrique"]
[Black "Suarez Mencia, Roberto"]
[Result "1-0"]
[WhiteElo "1733"]
[BlackElo "1555"]
[PlyCount "105"]
[EventDate "2013.02.04"]
[EventType "swiss"]
[EventRounds "9"]
[EventCountry "ESP"]
[SourceTitle "EXT 2015"]
[Source "ChessBase"]
[SourceDate "2014.11.20"]
[SourceVersion "1"]
[SourceVersionDate "2014.11.20"]
[SourceQuality "1"]

1. e4 c5 2. c4 Nc6 3. Nc3 e5 4. g3 Nf6 5. Bg2 Be7 6. Nge2 d6 7. 0-0 0-0 8. d3 Be6 9. Nd5 Bxd5 10. cxd5 Nd4 11. Bd2 Nxe2+ 12. Qxe2 Rc8 13. Bh3 Rc7 14. Rac1 b6 15. f4 h6 16. fxe5 dxe5 17. Bc3 Bd6 18. b3 Nh7 19. Bd2 Be7 20. Bg2 Bg5 21. Bxg5 Nxg5 22. h4 Nh7 23. Qh5 Qd6 24. Bh3 a5 25. a4 Kh8 26. Rf2 Kg8 27. Rcf1 c4 28. dxc4 Re7 29. Kg2 Qc5 30. Kh2 Qd4 31. Qg4 Kh8 32. Qe2 Kg8 33. Rd1 Qc5 34. d6 Ree8 35. Rd5 Qc6 36. d7 Rd8 37. Rxe5 Nf6 38. Rb5 Nxe4 39. Bg2 f5 40. Rfxf5 Rxf5 41. Rxf5 Nc3 42. Bxc6 Nxe2 43. Re5 Nd4 44. Re8+ Kf7 45. Bd5+ Kf6 46. Rxd8 Ke7 47. Rg8 Kxd7 48. Rxg7+ Kd6 49. Rg6+ Kc5 50. Rxh6 Nxb3 51. Rc6+ Kb4 52. Rxb6+ Kxa4 53. Rxb3 1-0

[Event "Madrid-ch Previa-A"]
[Site "Madrid"]
[Date "2009.11.04"]
[Round "3"]
[White "Suarez Mencia, Roberto"]
[Black "Corredor Gonzalez, Angel L"]
[Result "0-1"]
[WhiteElo "1653"]
[BlackElo "1806"]
[PlyCount "42"]
[EventDate "2009.11.02"]
[EventType "swiss"]
[EventRounds "9"]
[EventCountry "ESP"]
[SourceTitle "EXT 2010"]
[Source "ChessBase"]
[SourceDate "2010.11.25"]
[SourceVersion "1"]
[SourceVersionDate "2010.11.25"]
[SourceQuality "1"]

1. c4 e5 2. g3 Nc6 3. Bg2 Nf6 4. e3 Bc5 5. Ne2 d6 6. Nbc3 a6 7. d4 exd4 8. exd4 Ba7 9. b4 0-0 10. a3 Re8 11. c5 dxc5 12. bxc5 Nxd4 13. 0-0 Bxc5 14. Re1 Bg4 15. Bd2 Nf3+ 16. Bxf3 Bxf3 17. Qc2 Ng4 18. Ne4 Rxe4 19. Qxc5 Qxd2 20. Qxc7 Rxe2 21. Rad1 Rxe1+ 0-1

[Event "Madrid-ch Previa-A"]
[Site "Madrid"]
[Date "2009.11.03"]
[Round "2"]
[White "Carrera Cabaneros, Francisco"]
[Black "Suarez Mencia, Roberto"]
[Result "1-0"]
[WhiteElo "1816"]
[BlackElo "1653"]
[PlyCount "69"]
[EventDate "2009.11.02"]
[EventType "swiss"]
[EventRounds "9"]
[EventCountry "ESP"]
[SourceTitle "EXT 2010"]
[Source "ChessBase"]
[SourceDate "2010.11.25"]
[SourceVersion "1"]
[SourceVersionDate "2010.11.25"]
[SourceQuality "1"]

1. d4 Nf6 2. c4 g6 3. Nc3 Bg7 4. e4 d6 5. f4 0-0 6. Nf3 Nbd7 7. Be2 e5 8. fxe5 dxe5 9. d5 Re8 10. 0-0 Nc5 11. Qc2 c6 12. Be3 Na6 13. Rad1 cxd5 14. cxd5 Ng4 15. Qd2 Qd6 16. Nb5 Qd7 17. Nxa7 f5 18. Bb5 Qd6 19. Bxe8 f4 20. Bf2 Nxf2 21. Qxf2 Bg4 22. Bb5 Nc5 23. Bd3 Qb6 24. Nb5 Rxa2 25. Rd2 Bf8 26. b4 Ra4 27. Rb1 Bd7 28. Nc3 Rxb4 29. Rxb4 Qxb4 30. Na2 Qa5 31. Kh1 Bb5 32. Bxb5 Qxb5 33. Qe2 Qa4 34. d6 Nxe4 35. d7 1-0

[Event "Madrid-ch Previa-A"]
[Site "Madrid"]
[Date "2008.11.12"]
[Round "6"]
[White "Suarez Mencia, Roberto"]
[Black "Martin Consuegra, Barrilero Javier"]
[Result "0-1"]
[WhiteElo "1658"]
[BlackElo "1893"]
[PlyCount "86"]
[EventDate "2008.11.03"]
[EventType "swiss"]
[EventRounds "9"]
[EventCountry "ESP"]
[SourceTitle "CBM 127 Extra"]
[Source "ChessBase"]
[SourceDate "2009.01.08"]
[SourceVersion "2"]
[SourceVersionDate "2009.01.28"]
[SourceQuality "1"]

1. c4 c6 2. g3 d5 3. cxd5 Qxd5 4. f3 Nf6 5. Nc3 Qa5 6. e4 e6 7. Nge2 Nbd7 8. Bg2 Be7 9. 0-0 0-0 10. d4 e5 11. Kh1 exd4 12. Nxd4 Ne5 13. Nf5 Bxf5 14. exf5 Rad8 15. Qe2 Rfe8 16. Bg5 Ned7 17. g4 Nd5 18. Qd2 Bxg5 19. Qxg5 Nxc3 20. bxc3 Qxc3 21. Rac1 Qf6 22. Qxf6 Nxf6 23. g5 Nd5 24. f4 Ne3 25. Rfe1 Kf8 26. Bh3 Rd2 27. f6 g6 28. Rc3 Nd5 29. Rxe8+ Kxe8 30. Rf3 Rxa2 31. f5 Re2 32. fxg6 hxg6 33. Bg4 Ne3 34. h3 Kd8 35. Rf4 Nd5 36. Rd4 Re5 37. h4 Kc7 38. Kg2 b5 39. Bf3 a5 40. Re4 Kd6 41. Rxe5 Kxe5 42. h5 gxh5 43. Bxh5 Nf4+ 0-1